| 000 | 01190cam a22002771i 4500 | ||
|---|---|---|---|
| 003 | SA-RiAUC | ||
| 005 | 20250802054242.0 | ||
| 008 | 250730s2007 xxk f 000 0 ara c | ||
| 020 | _z1905650026 | ||
| 040 |
_aMA-HhKAF _bara _cSA-RiAUC. _erda |
||
| 082 | 0 | 4 | _a251.072 |
| 090 |
_a251.072 _bم ق ا |
||
| 245 | 0 | 0 |
_aمقاصد الشريعة وقضايا العصر : _bمجموعة بحوث = Purposes of the islamic law and the contemporary issues : research articles / _c تقديم أحمد زكي يماني |
| 246 | 3 | 1 |
_aPurposes of the islamic law and the contemporary issues : _bresearch articles |
| 250 | _aالطبعة الأولى. | ||
| 264 | 1 |
_aلندن : _bمؤسسة الفرقان للتراث الإسلامي، _c2007. |
|
| 300 |
_a276 صفحة ؛ _c24 سم |
||
| 336 |
_aنص _btxt _2rdacontent _3كتاب |
||
| 337 |
_aبدون وسيط _bn _2rdamedia |
||
| 338 |
_aمجلد _bnc _2rdacarrier |
||
| 650 | 7 |
_aمقاصد الشريعة _xبحوث _2aucsh |
|
| 650 | 7 |
_aأصول الفقه الإسلامي _xبحوث _2aucsh |
|
| 700 | 1 |
_aيماني، أحمد زكي، _d1349 هجري- _eمقدم. |
|
| 942 |
_2ddc _cBOOK _n0 |
||
| 949 |
_aSA-JeALM _d250730 _uosman123 _n1 |
||
| 999 |
_c10460 _d10460 |
||